Nederlandse gemeenten die beginnen met een M - Statistieken

Algemene statistieken
  • Deze quiz is 55 keer genomen
  • De gemiddelde score is 12 van 18
Antwoordstatistieken
Nr. Antwoord % Correct
5 Maastricht
95%
14 Moerdijk
90%
2 Maasgouw
86%
1 Maasdriel
81%
7 Meerssen
81%
15 Molenlanden
81%
4 Maassluis
71%
9 Meppel
71%
10 Middelburg
71%
17 Montfoort
67%
6 Medemblik
62%
8 Meierijstad
62%
16 Montferland
62%
3 Maashorst
57%
12 Midden-Drenthe
57%
13 Midden-Groningen
52%
11 Midden-Delfland
38%
18 Mook en Middelaar
38%
Geen overeenkomende quizzen gevonden
Scoreverdeling
Procent van Mensen met Elke Score
Percentiel versus Aantal Correcte Antwoorden
Uw Scoregeschiedenis
U heeft deze quiz nog niet genomen